Culture générale : Les créatures légendaires - Statistiques

Statistiques générales
  • Ce quiz a été pris 1 231 fois
    943 depuis la dernière actualisation
  • Le résultat moyen est 8 sur 15
Statistiques - réponses
Description Réponse % Correct
Créature enfermée dans un labyrinthe construit par Dédale. Le Minotaure
89%
Aussi le nom d'une plante aromatique utilisée dans la recette du pesto Le Basilic
88%
Créature qui se marie avec l'Âne, dans Shrek Le Dragon
85%
Le Petit Poucet lui vola ses Bottes de sept lieues L'Ogre
80%
Monstre se trouvant dans un lacs des Highlands, en Écosse Le monstre du Loch Ness
77%
Créature nommée Everest dans le dessin animé Abominable Le Yéti
76%
Créature qui donna à Œdipe l'énigme : "Animal qui le matin marche à quatre pattes, à midi à deux pattes, et sur trois pattes le soir". Le Sphinx
67%
Dans Harry Potter à l'école des sorciers, il se nomme Touffu Le Cerbère
59%
Chiron dans Percy Jackson Le Centaure
58%
Aussi le nom du bâteau à trois-mâts dont une maquette est achetée par Tintin pour l'offrir au capitaine Haddock. La Licorne
54%
Animal légendaire d'Amérique latine dont le nom signifie “suceur de chèvres” Le Chupacabra
32%
Monstre marin utilisé par Hobbes dans sa théorie expliquant que l'homme est un loup pour l'homme. Le Léviathan
26%
Créature ayant un corps de lion, un visage d'homme et une queue de scorpion La Manticore
16%
Terme désignant la recherche des animaux dont l'existence ne peut pas être prouvée de manière irréfutable La cryptozoologie
13%
Corbeau à trois pattes originaire de Chine, du Japon et de la Corée. Le Yatagarasu
4%
Aucun quiz correspondant
Distribution des résultats
% des personnes avec chaque résultat
Percentile par nombre de réponses
Votre historique - résultats
Vous n’avez pas pris ce quiz depuis la dernière actualisation